[Event "XIV American Continental"]
[Site "Sao Paulo BRA"]
[Date "2019.07.05"]
[Round "1.1"]
[White "Araujo, Sergio Murilo"]
[Black "Iturrizaga Bonelli, Eduardo"]
[Result "0-1"]
[WhiteElo "2090"]
[BlackElo "2625"]
[EventDate "2019.07.05"]
[PlyCount "66"]
[EventRounds "11"]
[EventCountry "BRA"]

1.d4 Nf6 2.c4 e6 3.Nc3 Bb4 4.e3 O-O 5.Bd3 d5 6.Ne2 b6 7.O-O Bb7 8.cxd5 
exd5 9.Qc2 Re8 10.Bd2 a6 11.Rac1 Nbd7 12.Ng3 Rc8 13.a3 Bd6 14.Nf5 Bf8 15.
b4 Ne4 16.Ng3 Ndf6 17.Qb2 Bd6 18.Ncxe4 dxe4 19.Be2 g6 20.Rfd1 h5 21.Bc3 
Nd5 22.Nf1 Qg5 23.Bd2 Ne7 24.Be1 Nf5 25.Ng3 Nh6 26.Bf1 Ng4 27.Be2 Nxh2 28.
Kxh2 h4 29.Qb3 hxg3+ 30.fxg3 Kg7 31.Kg1 Rh8 32.Bf1 Rh5 33.Kf2 Qg4 0-1

[Event "XIV American Continental"]
[Site "Sao Paulo BRA"]
[Date "2019.07.05"]
[Round "1.2"]
[White "Leitao, Rafael"]
[Black "Carvalho, Herbert Abreu"]
[Result "1-0"]
[WhiteElo "2616"]
[BlackElo "2089"]
[EventDate "2019.07.05"]
[PlyCount "53"]
[EventRounds "11"]
[EventCountry "BRA"]

1.d4 Nf6 2.c4 c6 3.Nf3 g6 4.Nc3 d5 5.cxd5 cxd5 6.Bf4 a6 7.e3 Bg7 8.h3 O-O 
9.Bd3 Nc6 10.Rc1 Bf5 11.Bxf5 gxf5 12.g4 fxg4 13.hxg4 Ne4 14.Qd3 Qa5 15.Ng5
e5 16.dxe5 Nxe5 17.Bxe5 Bxe5 18.Nxe4 dxe4 19.Qxe4 Rfc8 20.Rh5 Re8 21.Qxh7+
Kf8 22.Qh6+ Ke7 23.f4 Bxc3+ 24.Rxc3 Qb4 25.Re5+ Kd7 26.Rd5+ Ke7 27.a3 1-0

[Event "XIV American Continental"]
[Site "Sao Paulo BRA"]
[Date "2019.07.05"]
[Round "1.5"]
[White "Caceres Vasquez, Sergio"]
[Black "Pichot, Alan"]
[Result "0-1"]
[WhiteElo "2081"]
[BlackElo "2579"]
[EventDate "2019.07.05"]
[PlyCount "62"]
[EventRounds "11"]
[EventCountry "BRA"]

1.d4 Nf6 2.c4 e6 3.Nc3 Bb4 4.e3 O-O 5.Ne2 d5 6.a3 Be7 7.cxd5 exd5 8.g3 
Nbd7 9.Bg2 Nb6 10.O-O Re8 11.f3 c5 12.Re1 a5 13.dxc5 Bxc5 14.Nd4 a4 15.Re2
Nc4 16.Qd3 h5 17.Rb1 b6 18.Qd1 Qd7 19.Re1 Bb7 20.Kh1 Re7 21.Bd2 Rae8 22.
Qc1 Ba6 23.Bf1 Nxd2 24.Qxd2 Bxf1 25.Rxf1 Rxe3 26.Kg2 h4 27.Rf2 Nh7 28.Rd1 
Ng5 29.gxh4 Nh3 30.Rff1 Rd3 31.Qc1 Rxd4 0-1

[Event "XIV American Continental"]
[Site "Sao Paulo BRA"]
[Date "2019.07.05"]
[Round "1.9"]
[White "Almeida Junior, Alvaro Alves de"]
[Black "Fier, Alexandr"]
[Result "0-1"]
[WhiteElo "2076"]
[BlackElo "2547"]
[EventDate "2019.07.05"]
[PlyCount "66"]
[EventRounds "11"]
[EventCountry "BRA"]

1.e4 c5 2.Nf3 Nc6 3.Bb5 g6 4.O-O Bg7 5.Bxc6 bxc6 6.d3 d6 7.c3 Nf6 8.h3 O-O
9.Be3 c4 10.e5 Nd5 11.exd6 Nxe3 12.fxe3 Rb8 13.b3 cxd3 14.Qxd3 Qxd6 15.
Qxd6 exd6 16.Rd1 d5 17.Nbd2 Re8 18.Kf2 Rb7 19.Rac1 Rbe7 20.c4 Rxe3 21.cxd5
Re2+ 22.Kf1 Ba6 23.Nc4 cxd5 24.Rxd5 Rxa2 25.Rd2 Rxd2 26.Nxd2 Bb5 27.Nf3 
Re3 28.Nd2 Bh6 29.Rc2 Rd3 30.Ke2 Rxd2+ 31.Rxd2 Bxd2 32.Kxd2 Bxc4 33.bxc4 
Kf8 0-1

[Event "XIV American Continental"]
[Site "Sao Paulo BRA"]
[Date "2019.07.05"]
[Round "1.13"]
[White "Mariani, Daniel Brandao"]
[Black "Garcia Pantoja, Roberto"]
[Result "0-1"]
[WhiteElo "2062"]
[BlackElo "2529"]
[EventDate "2019.07.05"]
[PlyCount "100"]
[EventRounds "11"]
[EventCountry "BRA"]

1.d4 Nf6 2.c4 e6 3.Nc3 Bb4 4.f3 d5 5.a3 Bd6 6.Bg5 c5 7.cxd5 cxd4 8.Qxd4 
Nc6 9.Qd2 exd5 10.Nxd5 Be6 11.e4 O-O 12.Bxf6 gxf6 13.Nh3 Rc8 14.Rd1 Be5 
15.Bd3 Nd4 16.Nhf4 Qd6 17.Nh5 Bxd5 18.Qh6 f5 19.Qxd6 Bxd6 20.Nf6+ Kh8 21.
Nxd5 fxe4 22.Bxe4 f5 23.Nc3 fxe4 24.Rxd4 Bxa3 25.Nd1 Bc5 26.Rxe4 Rfd8 27.
Ke2 Bd4 28.Re1 Bxb2 29.Nxb2 Rc2+ 30.Kf1 Rxb2 31.Re8+ Rxe8 32.Rxe8+ Kg7 33.
Re2 Rb1+ 34.Re1 Rb5 35.Re4 a5 36.Ke1 Rb2 37.Re2 Rb3 38.Re5 a4 39.Ra5 a3 
40.Kd2 b5 41.Kc2 Rb2+ 42.Kc1 b4 43.Ra4 Kf6 44.g4 Ke5 45.h4 Kd4 46.Ra7 Kc3 
47.Rc7+ Kb3 48.Re7 Rc2+ 49.Kd1 a2 50.Ra7 Rf2 0-1

[Event "XIV American Continental"]
[Site "Sao Paulo BRA"]
[Date "2019.07.05"]
[Round "1.15"]
[White "Moreira, Ronaldo Alonso"]
[Black "Barbosa, Evandro Amorim"]
[Result "0-1"]
[WhiteElo "2058"]
[BlackElo "2506"]
[EventDate "2019.07.05"]
[PlyCount "66"]
[EventRounds "11"]
[EventCountry "BRA"]

1.d4 Nf6 2.Bg5 Ne4 3.Bf4 c5 4.f3 Nf6 5.d5 Nh5 6.Be3 e5 7.Bf2 d6 8.c4 Be7 
9.e3 O-O 10.g4 Nf6 11.Nc3 Ne8 12.Bg2 Bh4 13.Qd2 f5 14.gxf5 Bxf5 15.e4 Bg6 
16.Bxh4 Qxh4+ 17.Qf2 Qe7 18.Nh3 Nd7 19.O-O Nef6 20.Qh4 a6 21.Rad1 b5 22.f4
Nb6 23.cxb5 axb5 24.Nxb5 Rxa2 25.Rf2 Nc4 26.b3 Rxf2 27.Nxf2 Ne3 28.Ra1 
Nxg2 29.Kxg2 exf4 30.Ra7 Bxe4+ 31.Kg1 Qe5 32.Nxe4 Nxe4 33.Re7 Qa1+ 0-1

[Event "XIV American Continental"]
[Site "Sao Paulo BRA"]
[Date "2019.07.05"]
[Round "1.16"]
[White "Di Berardino, Diego Rafael"]
[Black "Santos Filho, Tadeu Sousa"]
[Result "1-0"]
[WhiteElo "2506"]
[BlackElo "2057"]
[EventDate "2019.07.05"]
[PlyCount "87"]
[EventRounds "11"]
[EventCountry "BRA"]

1.e4 e6 2.d4 d5 3.Nd2 Be7 4.Bd3 c5 5.dxc5 Nf6 6.Qe2 O-O 7.Ngf3 a5 8.O-O 
Na6 9.e5 Nd7 10.Nb3 a4 11.Nbd4 Naxc5 12.Bb5 Ne4 13.c4 Ndc5 14.Bf4 Qb6 15.
Rac1 Qa5 16.Qe3 h6 17.h3 Kh7 18.Rfd1 Qb4 19.Rc2 Qa5 20.Ne1 Kg8 21.f3 Ng5 
22.Rdc1 Na6 23.a3 Nc7 24.Nd3 Rd8 25.Qf2 Nh7 26.Bd2 Qa7 27.Be3 Qb8 28.c5 
Nxb5 29.Nxb5 Bd7 30.Nd6 Rf8 31.Nf4 Be8 32.Rd2 Kh8 33.Rd4 Bg5 34.Rb4 Bc6 
35.Ne2 Ra7 36.Nd4 Qa8 37.Bxg5 Nxg5 38.h4 Nh7 39.f4 Qd8 40.Rc3 Qd7 41.Rf3 
f6 42.f5 fxe5 43.fxe6 Qe7 44.Rxf8+ 1-0

[Event "XIV American Continental"]
[Site "Sao Paulo BRA"]
[Date "2019.07.05"]
[Round "1.25"]
[White "Portes Junior, Dirceu Atanazio"]
[Black "Molina, Roberto Junio Brito"]
[Result "1/2-1/2"]
[WhiteElo "2019"]
[BlackElo "2464"]
[EventDate "2019.07.05"]
[PlyCount "286"]
[EventRounds "11"]
[EventCountry "BRA"]

1.d4 Nf6 2.c4 g6 3.Nc3 d5 4.Bg5 Bg7 5.Bxf6 Bxf6 6.cxd5 c6 7.e3 cxd5 8.Bb5+
Kf8 9.Nge2 e6 10.Rc1 b6 11.Nf4 Na6 12.O-O Bb7 13.Nd3 Kg7 14.Ne5 Bxe5 15.
dxe5 Rc8 16.Qd4 Qe7 17.Ne2 Rc5 18.Bd3 Rhc8 19.Rc3 Rxc3 20.Nxc3 Nb4 21.Rd1 
Nc6 22.Qf4 f6 23.exf6+ Qxf6 24.Qxf6+ Kxf6 25.Nb5 Ke7 26.Rc1 a6 27.Nd4 Nb4 
28.Rxc8 Bxc8 29.Bb1 e5 30.Nf3 Kf6 31.a3 Nc6 32.Kf1 h6 33.Ke1 g5 34.Kd2 Bg4
35.Ng1 e4 36.Ba2 Ke5 37.f3 exf3 38.Nxf3+ Bxf3 39.gxf3 d4 40.Kd3 dxe3 41.
Kxe3 Ne7 42.Bc4 Nf5+ 43.Kf2 a5 44.Ba6 Kf4 45.Bb7 Ne3 46.b4 axb4 47.axb4 
Nc2 48.b5 Nd4 49.Bc6 h5 50.Kg2 Ke3 51.Be8 h4 52.Bc6 Kf4 53.Kf2 h3 54.Bd7 
Nxf3 55.Bxh3 Nxh2 56.Bg2 g4 57.Bc6 Nf3 58.Kg2 Nd4 59.Kf2 Nf5 60.Kg2 Ne3+ 
61.Kf2 g3+ 62.Kg1 Kg4 63.Bd7+ Kh4 64.Be6 Nc2 65.Kg2 Ne1+ 66.Kg1 Nd3 67.Bf5
Nf4 68.Bd7 Kg5 69.Bc6 Kf5 70.Bd7+ Ke5 71.Bc6 Ke6 72.Be8 Kd5 73.Bc6+ Kc5 
74.Bd7 Kd4 75.Bc6 Ke3 76.Bd7 Nd3 77.Kg2 Kf4 78.Bc6 Ne1+ 79.Kg1 Kg4 80.Bd7+
Kf3 81.Bc6+ Kf4 82.Bd7 Nf3+ 83.Kg2 Ne5 84.Be8 Nc4 85.Bd7 Ne3+ 86.Kg1 Ke5 
87.Bc6 Kd6 88.Be8 Kc5 89.Bd7 Kd6 90.Be8 Ke5 91.Bd7 Kf4 92.Bc6 Nf5 93.Kg2 
Nh4+ 94.Kg1 Kg4 95.Bd7+ Kg5 96.Be6 Ng6 97.Bd7 Ne5 98.Be6 Ng6 99.Bd7 Nh4 
100.Bc6 Kf4 101.Bd7 Ke4 102.Bc6+ Ke5 103.Bd7 Kd6 104.Be8 Kc5 105.Bd7 Kc4 
106.Bc6 Nf5 107.Kg2 Nd4 108.Kxg3 Nxb5 109.Kf2 Kc5 110.Be8 Nc7 111.Bd7 Kd6 
112.Bf5 b5 113.Ke3 Kc5 114.Kd2 Kd4 115.Kc2 Nd5 116.Kb3 Kc5 117.Bd7 b4 118.
Be6 Nc7 119.Bg8 Nb5 120.Kb2 Nd4 121.Bf7 Nf3 122.Bg8 Nd2 123.Bf7 Kb5 124.
Be8+ Ka5 125.Bd7 Nc4+ 126.Kb3 Nd6 127.Be6 Nb7 128.Bf7 Kb5 129.Kb2 Nd6 130.
Be6 Kc5 131.Kb3 Ne8 132.Kb2 Nc7 133.Bf7 Kb5 134.Kb3 Ka5 135.Bc4 Na8 136.
Bg8 Nb6 137.Bf7 Na4 138.Be8 Nc5+ 139.Kb2 Ne6 140.Kb3 Nd4+ 141.Kb2 Kb6 142.
Bf7 Kc5 143.Bg8 b3 1/2-1/2

[Event "XIV American Continental"]
[Site "Sao Paulo BRA"]
[Date "2019.07.05"]
[Round "1.27"]
[White "Sanches Casanova, Romario"]
[Black "Escalante Ramirez, Brian Sebastian"]
[Result "0-1"]
[WhiteElo "2014"]
[BlackElo "2447"]
[EventDate "2019.07.05"]
[PlyCount "86"]
[EventRounds "11"]
[EventCountry "BRA"]

1.e4 e6 2.d3 d5 3.Nd2 c5 4.Ngf3 Nc6 5.g3 g6 6.Bg2 Bg7 7.O-O Nge7 8.Re1 h6 
9.h4 b6 10.e5 Qc7 11.Qe2 g5 12.hxg5 hxg5 13.Nxg5 Qxe5 14.Qxe5 Nxe5 15.Ndf3
N5g6 16.Rb1 e5 17.c4 f6 18.cxd5 fxg5 19.d6 Nf5 20.Nxg5 Rb8 21.Be4 Nf8 22.
Bc6+ Bd7 23.Bd5 Nxd6 24.f4 Ke7 25.fxe5 Nf5 26.Nf7 Be6 27.Bxe6 Nxe6 28.Nxh8
Rxh8 29.Bf4 Nxf4 30.gxf4 Rh4 31.b4 Rg4+ 32.Kh1 Rxf4 33.bxc5 bxc5 34.Rb7+ 
Ke6 35.Kh2 Bxe5 36.Rxa7 Rh4+ 37.Kg2 Rh2+ 38.Kg1 Rc2 39.Ra8 Nh4 40.Re8+ Kd6
41.Rf8 Ng6 42.Rd8+ Kc7 43.Rd5 Bg3 0-1

[Event "XIV American Continental"]
[Site "Sao Paulo BRA"]
[Date "2019.07.05"]
[Round "1.28"]
[White "Garcia Cardenas, Pablo"]
[Black "Ikejiri, Daniel Yoshito"]
[Result "1-0"]
[WhiteElo "2443"]
[BlackElo "2004"]
[EventDate "2019.07.05"]
[PlyCount "59"]
[EventRounds "11"]
[EventCountry "BRA"]

1.d4 d5 2.Nf3 Nf6 3.c4 c6 4.g3 e6 5.Bg2 Nbd7 6.O-O Bd6 7.Qc2 O-O 8.b3 e5 
9.cxd5 Nxd5 10.Nbd2 exd4 11.Nxd4 N7f6 12.e4 Nb4 13.Qc3 Be5 14.N2f3 Bxd4 
15.Nxd4 Na6 16.Bb2 Qe7 17.h3 Re8 18.Rfe1 Qb4 19.Qf3 Nc7 20.g4 h6 21.Rad1 
Qe7 22.Qc3 Qe5 23.Qc1 Qe7 24.Ba3 Qe5 25.Bb2 Qe7 26.f4 Ne6 27.Nf5 Qc5+ 28.
Qxc5 Nxc5 29.Nxh6+ Kh7 30.Nxf7 1-0

[Event "XIV American Continental"]
[Site "Sao Paulo BRA"]
[Date "2019.07.05"]
[Round "1.29"]
[White "De Souza, Cristiano Gomes"]
[Black "Quintiliano Pinto, Renato R."]
[Result "0-1"]
[WhiteElo "2000"]
[BlackElo "2443"]
[EventDate "2019.07.05"]
[PlyCount "70"]
[EventRounds "11"]
[EventCountry "BRA"]

1.d4 Nf6 2.c4 e6 3.Nf3 d5 4.Nc3 c6 5.Bg5 h6 6.Bh4 Nbd7 7.e3 g5 8.Bg3 Nh5 
9.Nd2 Nxg3 10.hxg3 Bg7 11.Qc2 Qe7 12.O-O-O Nf6 13.Bd3 Bd7 14.Nf3 O-O-O 15.
Ne5 Kb8 16.c5 h5 17.f4 Bh6 18.Kb1 Rdg8 19.Ka1 Ka8 20.b4 h4 21.b5 gxf4 22.
b6 a6 23.Qa4 Bc8 24.gxf4 Ng4 25.Nxg4 Rxg4 26.Qc2 e5 27.Rhe1 exd4 28.exd4 
Qf6 29.Bf1 Rxf4 30.Qa4 Bg7 31.Bxa6 bxa6 32.Nxd5 cxd5 33.c6 Rxd4 34.Qxd4 
Qxd4+ 35.Rxd4 Bxd4+ 0-1

[Event "XIV American Continental"]
[Site "Sao Paulo BRA"]
[Date "2019.07.05"]
[Round "1.30"]
[White "Sanchez Alvarez, Roberto Carlos"]
[Black "Acosta, Pablo Alejandro"]
[Result "1-0"]
[WhiteElo "2434"]
[BlackElo "1992"]
[EventDate "2019.07.05"]
[PlyCount "47"]
[EventRounds "11"]
[EventCountry "BRA"]

1.Nf3 d5 2.c4 e6 3.g3 Nf6 4.Bg2 Be7 5.O-O O-O 6.d4 dxc4 7.Qc2 a6 8.a4 Bd7 
9.Rd1 Bc6 10.Nc3 Bxf3 11.Bxf3 Nc6 12.Bxc6 bxc6 13.a5 c5 14.dxc5 Qe8 15.Ra4
Bxc5 16.Rxc4 Ba7 17.Bg5 Qe7 18.Ne4 e5 19.Bxf6 gxf6 20.Rd7 Qe6 21.Rc6 Qh3 
22.Nxf6+ Kh8 23.e3 Qh6 24.Qe4 1-0

[Event "XIV American Continental"]
[Site "Sao Paulo BRA"]
[Date "2019.07.05"]
[Round "1.31"]
[White "Montero Martinez, Cristhian"]
[Black "Bittencourt, Jorge"]
[Result "0-1"]
[WhiteElo "1991"]
[BlackElo "2433"]
[EventDate "2019.07.05"]
[PlyCount "92"]
[EventRounds "11"]
[EventCountry "BRA"]

1.e4 e5 2.Nf3 Nc6 3.Bb5 a6 4.Ba4 Nf6 5.d3 d6 6.c3 g6 7.h3 Bg7 8.Bg5 h6 9.
Be3 O-O 10.Qd2 Kh7 11.g4 Ng8 12.d4 exd4 13.Nxd4 Ne5 14.Qe2 b5 15.Bc2 c5 
16.Nf3 Nc4 17.Bc1 Bb7 18.Nbd2 Nxd2 19.Bxd2 Re8 20.O-O-O Nf6 21.e5 Nd7 22.
Rhe1 Nxe5 23.Nxe5 Rxe5 24.Be3 Qf6 25.f4 Re7 26.g5 hxg5 27.fxg5 Qf3 28.Qxf3
Bxf3 29.Rxd6 Rae8 30.Kd2 Be5 31.Rxa6 Bf4 32.Bxf4 Rxe1 33.c4 b4 34.Bd3 Rd1+
35.Kc2 Rd8 36.Rd6 Rxd6 37.Bxd6 Be2 38.Bxe2 Rxd6 39.Bf3 Re6 40.Kd3 Ra6 41.
Ke4 Rxa2 42.Kd5 Rxb2 43.Kxc5 Kg7 44.Kb5 Rf2 45.Be4 Re2 46.Bd3 Re3 0-1

[Event "XIV American Continental"]
[Site "Sao Paulo BRA"]
[Date "2019.07.05"]
[Round "1.32"]
[White "Proudian, Armen"]
[Black "Dos Reis, Leandro Aparecido C."]
[Result "1-0"]
[WhiteElo "2429"]
[BlackElo "1990"]
[EventDate "2019.07.05"]
[PlyCount "97"]
[EventRounds "11"]
[EventCountry "BRA"]

1.e4 c5 2.Nf3 d6 3.d4 cxd4 4.Nxd4 Nf6 5.Nc3 a6 6.Be3 Ng4 7.Bg5 h6 8.Bh4 g5
9.Bg3 Bg7 10.h3 Ne5 11.Nf5 Bxf5 12.exf5 Nbd7 13.Nd5 Nb6 14.Ne3 Qc7 15.c3 
Qc6 16.Be2 Nec4 17.Nxc4 Nxc4 18.Bf3 Qc8 19.O-O O-O 20.Qe2 Ne5 21.Be4 Qc4 
22.Qe3 Rac8 23.Bxb7 Rc7 24.b3 Qxc3 25.Qxc3 Rxc3 26.Bxa6 Ra8 27.Bb7 Ra3 28.
Be4 Nd7 29.Rae1 Bd4 30.Kh2 Rxa2 31.Bb1 Ra1 32.Rxe7 Rxb3 33.Rxd7 Raxb1 34.
Rxb1 Rxb1 35.Rxd6 Bg7 36.f6 Bh8 37.Be5 Rb5 38.Bd4 Rf5 39.g4 Rf4 40.Kg3 Kh7
41.h4 h5 42.f3 hxg4 43.hxg5 Rxf3+ 44.Kxg4 Rd3 45.Be5 Re3 46.Kf5 Rf3+ 47.
Bf4 Ra3 48.Rd7 Kg8 49.Rxf7 1-0

[Event "XIV American Continental"]
[Site "Sao Paulo BRA"]
[Date "2019.07.05"]
[Round "1.33"]
[White "Soares, Renan Barbosa Monteiro"]
[Black "Languidey, Simon Alejandro"]
[Result "0-1"]
[WhiteElo "1985"]
[BlackElo "2427"]
[EventDate "2019.07.05"]
[PlyCount "90"]
[EventRounds "11"]
[EventCountry "BRA"]

1.d4 e6 2.c4 d5 3.Nf3 Nf6 4.Nc3 a6 5.Bg5 dxc4 6.a4 Nc6 7.e3 Na5 8.Nd2 Qd6 
9.Bxf6 gxf6 10.Nxc4 Nxc4 11.Bxc4 Qc6 12.Bf1 Bb4 13.Qb3 Ba5 14.f3 Rg8 15.
Kf2 f5 16.Bd3 Bd7 17.Rac1 Qb6 18.Qxb6 Bxb6 19.g3 Rc8 20.b4 a5 21.b5 Ke7 
22.Rc2 Rg7 23.Rhc1 h5 24.h4 Rcg8 25.Ne2 Kd6 26.Rg1 Rh8 27.Nf4 f6 28.Be2 
Be8 29.Nd3 e5 30.dxe5+ fxe5 31.Nb2 Bf7 32.Rd1+ Ke7 33.f4 Bb3 34.Rdc1 Bxc2 
35.Rxc2 Rhg8 36.Nc4 Rxg3 37.Nxb6 cxb6 38.Rc7+ Kf6 39.Rxb7 Rg2+ 40.Ke1 exf4
41.Rxb6+ Ke5 42.exf4+ Kxf4 43.Bxh5 Rh2 44.Bg6 Rxh4 45.Rf6 Kg5 0-1

[Event "XIV American Continental"]
[Site "Sao Paulo BRA"]
[Date "2019.07.05"]
[Round "1.34"]
[White "Umetsubo, Cesar Hidemitsu"]
[Black "Okamura, Milton Kasuo"]
[Result "1-0"]
[WhiteElo "2406"]
[BlackElo "1974"]
[EventDate "2019.07.05"]
[PlyCount "87"]
[EventRounds "11"]
[EventCountry "BRA"]

1.e4 c5 2.Nf3 e6 3.d4 cxd4 4.Nxd4 Nc6 5.Nc3 Qc7 6.Be2 a6 7.O-O Nf6 8.Kh1 
Be7 9.f4 d6 10.a4 O-O 11.Bf3 Bd7 12.Nb3 b6 13.g4 Bc8 14.g5 Nd7 15.Bg2 Bb7 
16.Qh5 Rfe8 17.Be3 Bf8 18.Rf3 g6 19.Qh4 Bg7 20.Raf1 f5 21.exf5 gxf5 22.Rh3
Nf8 23.Qf2 Nd7 24.Qh4 Nf8 25.Qf2 Nd7 26.Rd1 Rad8 27.Qh4 Nf8 28.Qf2 Nd7 29.
Ne2 Nb4 30.c3 Bxg2+ 31.Qxg2 Nd5 32.Rxd5 exd5 33.Qxd5+ Kh8 34.Ned4 Nc5 35.
Qxf5 Bf8 36.Nxc5 dxc5 37.Ne6 Qd7 38.Qf6+ Bg7 39.Nxg7 Qxg7 40.Qxb6 Qd7 41.
Qf6+ Kg8 42.g6 Qxh3 43.Qf7+ Kh8 44.g7# 1-0

[Event "XIV American Continental"]
[Site "Sao Paulo BRA"]
[Date "2019.07.05"]
[Round "1.35"]
[White "Bassani, Jaison Jose"]
[Black "Almiron, Antonio"]
[Result "0-1"]
[WhiteElo "1973"]
[BlackElo "2402"]
[EventDate "2019.07.05"]
[PlyCount "62"]
[EventRounds "11"]
[EventCountry "BRA"]

1.b3 d5 2.Bb2 Nf6 3.Nf3 c6 4.c4 Bg4 5.Ne5 Bh5 6.g3 Nbd7 7.Nxd7 Qxd7 8.Bg2 
d4 9.d3 e5 10.O-O Bd6 11.Nd2 O-O 12.a3 a5 13.Re1 Rad8 14.Qc2 Bc5 15.Nf3 
Rfe8 16.Nd2 Bg6 17.b4 axb4 18.Qb3 Qe7 19.axb4 Bxb4 20.Ba3 Bxa3 21.Rxa3 e4 
22.dxe4 Nxe4 23.Nf3 Qc5 24.e3 d3 25.Nd4 Nd2 26.Qc3 Rxd4 27.Qxd2 Rxc4 28.
Ra5 Qb4 29.Qxb4 Rxb4 30.Ra2 Rd8 31.Rd1 c5 0-1

[Event "XIV American Continental"]
[Site "Sao Paulo BRA"]
[Date "2019.07.05"]
[Round "1.36"]
[White "Sarkar, Justin"]
[Black "Silva, Kaua Marques"]
[Result "1/2-1/2"]
[WhiteElo "2389"]
[BlackElo "1965"]
[EventDate "2019.07.05"]
[PlyCount "83"]
[EventRounds "11"]
[EventCountry "BRA"]

1.d4 Nf6 2.c4 e6 3.Nf3 b6 4.b3 Bb7 5.Bb2 Bb4+ 6.Nbd2 d5 7.e3 Nbd7 8.Bd3 
O-O 9.a3 Be7 10.Qc2 c5 11.O-O Rc8 12.Rac1 Qc7 13.cxd5 exd5 14.Ne5 h6 15.f4
Qb8 16.Qb1 Qa8 17.Bf5 Rcd8 18.Qa1 Rfe8 19.Nxd7 Nxd7 20.dxc5 Bxc5 21.Bd4 
Bxd4 22.Qxd4 Nc5 23.b4 Ne4 24.Rc2 Ba6 25.Rfc1 Nd6 26.Bd3 Nc4 27.a4 Nxd2 
28.Rxd2 Bxd3 29.Rxd3 Re4 30.Qb2 Rde8 31.Qb3 Qb7 32.b5 Qe7 33.h3 Rxe3 34.
Rxe3 Qxe3+ 35.Qxe3 Rxe3 36.Rc8+ Kh7 37.Rc7 Re4 38.Rxa7 Rxf4 39.Ra6 f6 40.
Rxb6 Rxa4 41.Rd6 d4 42.Kf2 1/2-1/2

[Event "XIV American Continental"]
[Site "Sao Paulo BRA"]
[Date "2019.07.05"]
[Round "1.37"]
[White "Medrano, Mario"]
[Black "Hernandez Sanchez, Jairo Andres"]
[Result "0-1"]
[WhiteElo "1960"]
[BlackElo "2387"]
[EventDate "2019.07.05"]
[PlyCount "134"]
[EventRounds "11"]
[EventCountry "BRA"]

1.d4 Nf6 2.c4 g6 3.Nf3 Bg7 4.g3 O-O 5.Bg2 d6 6.O-O Nbd7 7.b3 Re8 8.Bb2 a6 
9.Re1 Rb8 10.Nc3 e5 11.dxe5 dxe5 12.Qc2 e4 13.Ng5 e3 14.f4 c6 15.Rad1 Qa5 
16.a3 Qf5 17.Qxf5 gxf5 18.Na2 h6 19.Nf3 Nc5 20.Be5 Ra8 21.b4 Nce4 22.Nc3 
Be6 23.Nxe4 Nxe4 24.Nd4 Nd2 25.Nxe6 Rxe6 26.Bxg7 Kxg7 27.Rc1 Rd8 28.c5 Rd4
29.Rc2 Re7 30.Rec1 a5 31.Rb2 a4 32.Rc3 Nb3 33.Bf3 Rd1+ 34.Kg2 Ra1 35.Rbxb3
axb3 36.Rxb3 Ra2 37.b5 Rc2 38.bxc6 bxc6 39.Rb6 Re6 40.Rxc6 Rxe2+ 41.Bxe2 
Rxc6 42.a4 Rxc5 43.Kf3 Rc3 44.a5 Ra3 45.a6 Kf6 46.Bc4 Ke7 47.Ke2 Kd6 48.
Bd3 f6 49.Kxe3 Kc5 50.a7 Rxa7 51.Bxf5 Ra3+ 52.Ke4 Ra2 53.Bc8 Kd6 54.Kf5 
Ke7 55.h3 h5 56.g4 Rc2 57.Bb7 Rc5+ 58.Kg6 h4 59.g5 fxg5 60.fxg5 Rc3 61.Bg2
Rg3 62.Bf1 Ke6 63.Kh5 Kf5 64.Kxh4 Rxg5 65.Be2 Kf4 66.Bf3 Rg8 67.Bh5 Rg7 
0-1

[Event "XIV American Continental"]
[Site "Sao Paulo BRA"]
[Date "2019.07.05"]
[Round "1.38"]
[White "Barria Zuniga, Daniel"]
[Black "Gazola, Vanessa Ramos"]
[Result "1-0"]
[WhiteElo "2379"]
[BlackElo "1954"]
[EventDate "2019.07.05"]
[PlyCount "75"]
[EventRounds "11"]
[EventCountry "BRA"]

1.Nf3 Nf6 2.c4 g6 3.Nc3 d5 4.cxd5 Nxd5 5.e4 Nxc3 6.dxc3 Qxd1+ 7.Kxd1 b6 8.
Bf4 c6 9.Bc4 Bg7 10.Kc2 Ba6 11.Bxa6 Nxa6 12.Rad1 Nc5 13.Rhe1 O-O 14.Bg5 f6
15.Bh4 e5 16.b4 Nb7 17.Rd7 Rf7 18.Red1 Raf8 19.R7d2 a5 20.a3 axb4 21.axb4 
c5 22.Kb3 Ra8 23.Rd7 Ra7 24.Rxf7 Kxf7 25.Rd7+ Kg8 26.Rd5 g5 27.Bg3 h5 28.
h4 g4 29.Nd2 Ra8 30.Nc4 b5 31.Na3 cxb4 32.cxb4 Bf8 33.Nxb5 Nd8 34.Nc7 Rc8 
35.Rd7 Nc6 36.Nd5 Nd4+ 37.Kb2 Bh6 38.Ne7+ 1-0

[Event "XIV American Continental"]
[Site "Sao Paulo BRA"]
[Date "2019.07.05"]
[Round "1.40"]
[White "Gemy, Jose Daniel"]
[Black "Valim, Luiz Claudio"]
[Result "1-0"]
[WhiteElo "2371"]
[BlackElo "1954"]
[EventDate "2019.07.05"]
[PlyCount "125"]
[EventRounds "11"]
[EventCountry "BRA"]

1.e4 e5 2.Nf3 Nc6 3.Bc4 Bc5 4.O-O Nf6 5.d3 O-O 6.c3 d5 7.exd5 Nxd5 8.Nbd2 
Bg4 9.Ne4 Bb6 10.h3 Bh5 11.b4 a6 12.Bd2 f6 13.Ng3 Bf7 14.Bb3 Qd7 15.a3 
Rad8 16.c4 Nf4 17.c5 Ba7 18.Bxf4 exf4 19.Ne2 Ne5 20.Bxf7+ Rxf7 21.Nxf4 
Nxd3 22.Nxd3 Qxd3 23.Qa4 Rfd7 24.Rfe1 c6 25.Re3 Qc4 26.Ree1 Rd3 27.Rac1 
Qd5 28.Qc2 Kf7 29.Qe2 Qd7 30.Qa2+ Qd5 31.Qe2 Qd7 32.Qe4 g6 33.Qh4 h5 34.
Qf4 Kg7 35.Qe4 Kf7 36.Nh4 Rg8 37.Nf3 Bb8 38.a4 Re8 39.Qc4+ Qd5 40.Qc2 Bf4 
41.Rxe8 Kxe8 42.Re1+ Kf7 43.Qe2 Qd7 44.Qe4 Bc7 45.g4 hxg4 46.hxg4 Rd1 47.
Ng5+ Kg7 48.Ne6+ Kf7 49.Nxc7 Rxe1+ 50.Qxe1 Qxc7 51.Qe4 Qe5 52.Qc4+ Qd5 53.
Qxd5+ cxd5 54.Kg2 Ke6 55.Kf3 Ke5 56.Ke3 a5 57.b5 d4+ 58.Kd3 Kd5 59.c6 bxc6
60.b6 Kd6 61.Kxd4 c5+ 62.Kc4 Kc6 63.b7 1-0

[Event "XIV American Continental"]
[Site "Sao Paulo BRA"]
[Date "2019.07.05"]
[Round "1.41"]
[White "Monteiro, Marcos Paulo de Souza"]
[Black "Duran Vega, Sergio"]
[Result "0-1"]
[WhiteElo "1953"]
[BlackElo "2364"]
[EventDate "2019.07.05"]
[PlyCount "74"]
[EventRounds "11"]
[EventCountry "BRA"]

1.d4 Nf6 2.Nf3 d5 3.c4 e6 4.cxd5 exd5 5.Nc3 c6 6.Bg5 Be7 7.Qc2 g6 8.e3 Bf5
9.Bd3 Bxd3 10.Qxd3 O-O 11.Bxf6 Bxf6 12.O-O a5 13.a3 a4 14.Qc2 Qa5 15.Ne1 
Nd7 16.Nd3 Be7 17.Rfb1 Rfc8 18.g3 b5 19.h4 h5 20.Qe2 Qd8 21.Qf3 Nb6 22.Rc1
Nc4 23.Rc2 Qd7 24.Rac1 Re8 25.Ne2 Bd6 26.Kg2 Re7 27.Qf6 Re6 28.Qf3 Rae8 
29.Nef4 R6e7 30.Re1 Qf5 31.Qd1 f6 32.Kh2 Rh7 33.Rce2 g5 34.Ng2 Qg4 35.Kg1 
gxh4 36.Nxh4 Rg7 37.Kh1 Qh3+ 0-1

[Event "XIV American Continental"]
[Site "Sao Paulo BRA"]
[Date "2019.07.05"]
[Round "1.43"]
[White "Brito, Vicente de Paulo Alencar"]
[Black "Mieles Palau, Daniel"]
[Result "0-1"]
[WhiteElo "1948"]
[BlackElo "2359"]
[EventDate "2019.07.05"]
[PlyCount "55"]
[EventRounds "11"]
[EventCountry "BRA"]

1.e4 c5 2.d4 cxd4 3.c3 Nf6 4.e5 Nd5 5.Nf3 Nc6 6.cxd4 d6 7.Bc4 dxe5 8.Nxe5 
e6 9.O-O Nb6 10.Bb5 Bd7 11.Nxd7 Qxd7 12.Nc3 a6 13.Na4 Nd5 14.Bc4 Rd8 15.
Bg5 Be7 16.Nc5 Qc7 17.Qh5 Nxd4 18.Bxe7 Nxe7 19.Nxe6 Nxe6 20.Bxe6 g6 21.
Bxf7+ Kxf7 22.Qf3+ Kg7 23.Rac1 Nc6 24.Rfe1 Rhe8 25.Qc3+ Kg8 26.Rcd1 Rxd1 
27.Rxd1 Qe5 28.Qc4+ 0-1

[Event "XIV American Continental"]
[Site "Sao Paulo BRA"]
[Date "2019.07.05"]
[Round "1.44"]
[White "Santos, Marcus Vinicius Moreira"]
[Black "Bil Ramos, Angelo"]
[Result "1-0"]
[WhiteElo "2354"]
[BlackElo "1937"]
[EventDate "2019.07.05"]
[PlyCount "40"]
[EventRounds "11"]
[EventCountry "BRA"]

1.d4 Nf6 2.c4 g6 3.Nc3 d5 4.h4 h6 5.cxd5 Nxd5 6.e4 Nxc3 7.bxc3 Bg7 8.Be3 
c5 9.Qd2 Qa5 10.Rc1 cxd4 11.cxd4 Qxd2+ 12.Bxd2 O-O 13.d5 e6 14.Bc4 exd5 
15.Bxd5 Nc6 16.Ne2 Bd7 17.O-O Kh7 18.Be3 f5 19.Rfd1 Rac8 20.Nf4 Be5 1-0

[Event "XIV American Continental"]
[Site "Sao Paulo BRA"]
[Date "2019.07.05"]
[Round "1.45"]
[White "Da Silva, Jefferson Rian Ferreir"]
[Black "Rodi, Luis Ernesto"]
[Result "0-1"]
[WhiteElo "1936"]
[BlackElo "2343"]
[EventDate "2019.07.05"]
[PlyCount "115"]
[EventRounds "11"]
[EventCountry "BRA"]

1.c4 e5 2.Nc3 Nf6 3.g3 c6 4.d4 exd4 5.Qxd4 d5 6.Bg2 Be6 7.cxd5 cxd5 8.e4 
Nc6 9.Qa4 Bb4 10.Bd2 dxe4 11.O-O-O Qb6 12.Be3 Bc5 13.Bxc5 Qxc5 14.Ne2 O-O 
15.Nd4 Bg4 16.Rd2 Rac8 17.Nb3 Qf5 18.Re1 Rfe8 19.Bxe4 Nxe4 20.Rxe4 Bf3 21.
Re3 Rxe3 22.fxe3 Qe6 23.Qf4 Bh5 24.Nc5 Qh3 25.Nxb7 h6 26.Nd6 Rf8 27.Qf5 
Bg4 28.Qf4 Be6 29.e4 Qh5 30.Nf5 Re8 31.g4 Qh3 32.Qg3 Qf1+ 33.Rd1 Qa6 34.a3
Bb3 35.Rg1 Ne5 36.g5 h5 37.Nd4 Bc4 38.Qh3 Qb6 39.Rd1 Rd8 40.Qe3 Nd3+ 41.
Rxd3 Bxd3 42.Qxd3 Rxd4 43.Qf3 Qc5 44.h4 Qc4 45.Kc2 g6 46.Qe3 Rd7 47.Qf3 
Rd4 48.Qe3 Kf8 49.Qf3 Rd6 50.Qg3 Rb6 51.b4 Rc6 52.Qb8+ Rc8 53.Qd6+ Kg8 54.
Qe5 Qa2+ 55.Kd1 Qb3+ 56.Kd2 Qb2+ 57.Kd3 Qxa3 58.b5 0-1